<?xml version="1.0" encoding="UTF-8"?>
<marc:record xmlns:marc="http://www.loc.gov/MARC21/slim">
   <marc:leader>00000nam a2200000 a 4500</marc:leader>
   <marc:datafield ind1="1" ind2=" " tag="100">
      <marc:subfield code="a">Krügel, Mareike</marc:subfield>
      <marc:subfield code="4">aut</marc:subfield>
      <marc:subfield code="e">Verfasser/-in</marc:subfield>
   </marc:datafield>
   <marc:datafield ind1=" " ind2=" " tag="653">
      <marc:subfield code="a">Frauenfreundschaft</marc:subfield>
   </marc:datafield>
   <marc:datafield ind1=" " ind2=" " tag="653">
      <marc:subfield code="a">Schwarzer Humor</marc:subfield>
   </marc:datafield>
   <marc:datafield ind1=" " ind2=" " tag="653">
      <marc:subfield code="a">Dorfleben</marc:subfield>
   </marc:datafield>
   <marc:datafield ind1=" " ind2=" " tag="653">
      <marc:subfield code="a">Emotionen</marc:subfield>
   </marc:datafield>
   <marc:datafield ind1=" " ind2=" " tag="653">
      <marc:subfield code="a">Rollenbilder</marc:subfield>
   </marc:datafield>
   <marc:datafield ind1="0" ind2="0" tag="245">
      <marc:subfield code="a">Alle wissen hier alles</marc:subfield>
   </marc:datafield>
   <marc:datafield ind1="0" ind2="0" tag="245">
      <marc:subfield code="b">Roman</marc:subfield>
   </marc:datafield>
   <marc:datafield ind1=" " ind2="1" tag="264">
      <marc:subfield code="b">Piper</marc:subfield>
      <marc:subfield code="c">2024</marc:subfield>
   </marc:datafield>
   <marc:datafield ind1="1" ind2=" " tag="520">
      <marc:subfield code="a">"Glück ist gar nicht das, was ich anstrebe"
Martina Voß kennt sich aus mit den nicht so schlimmen Kleinigkeiten, die einer Frau zustoßen können. Deshalb nimmt sie ohne lange nachzudenken Kasia und ihre Tochter auf. Platz hat sie in ihrem großen Haus, nachdem sie sich von ihrem Mann getrennt hat.
Außerdem ist Sommer, und die Welt verliert ihre Ecken und Kanten, wenn die beiden Frauen Apfelsaft mit Wodka trinken. Aber lange kann das nicht gutgehen. Denn im Dorf wissen immer alle alles.
Zielstrebig und intelligent, ohnmächtig und töricht: Als unzuverlässige Erzählerin bietet diese Heldin keine einfachen Wahrheiten an. Ein Roman der leisen, fast unbewussten Revolte und eine verunsicherte Heldin, die uns unrettbar in ihre Welt mitnimmt.</marc:subfield>
   </marc:datafield>
   <marc:datafield ind1=" " ind2=" " tag="020">
      <marc:subfield code="a">9783492060936</marc:subfield>
      <marc:subfield code="9">9783492060936</marc:subfield>
   </marc:datafield>
</marc:record>
